|
|
|
|
| LEADER |
00000nam a2200000 i 4500 |
| 001 |
DIGUAZUAY0112 |
| 003 |
NyNyDIG |
| 007 |
cr ||||||||||| |
| 008 |
260115s2020 ec a ob 000 0 spa d |
| 006 |
m o d |
| 035 |
|
|
|a (OCoLC)1569883763
|
| 040 |
|
|
|a DGITA
|b eng
|e rda
|e pn
|c DGITA
|
| 020 |
|
|
|a 9789942822598
|q eBook
|
| 050 |
1 |
4 |
|a TD883 ebook
|
| 100 |
1 |
|
|a Rodas Espinoza, Claudia,
|e author.
|
| 245 |
1 |
3 |
|a El aire que respiramos :
|b herramientas de información y estrategias para evitar la contaminación del aire /
|c Claudia Rodas Espinoza [and 3 others].
|
| 264 |
|
1 |
|a Cuenca, Ecuador :
|b Universidad del Azuay, Casa Editora,
|c [2020]
|
| 300 |
|
|
|a 1 online resource :
|b color illustrations.
|
| 336 |
|
|
|a text
|b txt
|2 rdacontent
|
| 337 |
|
|
|a computer
|b c
|2 rdamedia
|
| 338 |
|
|
|a online resource
|b cr
|2 rdacarrier
|
| 347 |
|
|
|a text file
|2 rdaft
|
| 347 |
|
|
|b PDF
|
| 490 |
1 |
|
|a Natura
|
| 504 |
|
|
|a Includes bibliographical references.
|
| 588 |
0 |
|
|a Online resource; title from PDF title page (Digitalia, viewed January 15, 2026)
|
| 650 |
|
0 |
|a Air
|x Pollution
|x Prevention.
|
| 791 |
2 |
|
|a Digitalia (Firm),
|e distributor.
|
| 793 |
0 |
|
|g Digitalia eBook Collection:
|a Universidad del Azuay
|
| 830 |
|
0 |
|a Natura (Universidad del Azuay, Casa Editora)
|
| 856 |
4 |
0 |
|3 Digitalia Hispánica
|u https://www.digitaliapublishing.com/a/133496/
|
| 910 |
|
|
|a Premium collection: 2026
|